Municipios más poblados del País Leonés - Estadísticas

Estadísticas generales
  • Esta prueba ha sido intentada 15 veces
  • La puntuación promedio es 17 de 30
Estadísticas de respuestas
Población Provincia Respuesta % Correcto
124.091 LE León
100%
63.112 LE Ponferrada
100%
145.583 SA Salamanca
100%
60.988 ZA Zamora
100%
10.308 LE Astorga
87%
12.065 SA Ciudad Rodrigo
87%
17.246 ZA Benavente
80%
12.269 SA Béjar
73%
30.225 LE San Andrés del Rabanedo
73%
14.726 SA Santa Marta de Tormes
73%
18.647 LE Villaquilambre
73%
10.023 LE La Bañeza
67%
8665 ZA Toro
67%
8086 LE Villablino
67%
8369 LE Bembibre
60%
5176 LE Valencia de Don Juan
53%
4874 LE Cacabelos
47%
5550 SA Guijuelo
47%
6123 SA Peñaranda de Bracamonte
40%
7368 SA Carbajosa de la Sagrada
33%
5306 LE Sariegos
33%
7559 LE Valverde de la Virgen
33%
5159 SA Alba de Tormes
27%
4239 LE Fabero
27%
3654 LE La Robla
27%
4284 SA Cabrerizos
20%
4109 LE Camponaraya
20%
7371 SA Villamayor
20%
6491 SA Villares de la Reina
20%
3434 LE Carracedelo
7%
No se encontraron pruebas coincidentes
Distribución de puntuación
Porcentaje de gente con cada puntuación
Porcentaje por número respondido
Historial de tus puntuaciones
No has intentado esta prueba.